Datum a čas kvízu
25
Celkem bodů
Celkový počet nahraných bodů na tomto kvízu bez doplňovacích otázek.
8.
Pořadí na kvízu
Konečné umístění týmu na tomto kvízu.
Zaznamenané odpovědi
| # | Otázka | Odpověď | Body | Výsledky |
|---|---|---|---|---|
| 1. | Pouhé modlení už nestačí. Býva... | Koláček | 1 | |
| 2. | Saúdská Arábie jmenovala svoji... | Spojené státy americké | 1 | |
| 3. | Krimikomedii Úhoři mají nabito... | Vladimír Michálek | 0 | |
| 4. | V úterý byla v České republice... | Apple Pay | 1 | |
| 5. | Kterému z těchto týmů se nepod... | C | 1 | |
| 6. | Cestovatel Miroslav Zikmund os... | Tatra 87 | 0 | |
| 7. | Dne 31. července 1947, což byl... | Tobruk | 1 | |
| 8. | Cestovatelé si samozřejmě nemo... | Zambezi | 0 | |
| 9. | V prvním červencovém týdnu se... | Buenos Aires | 1 | |
| 10. | Kdo by se chtěl o výpravách ob... | ve Zlíně | 0 |